| 000 | 00586nam a2200169 4500 | ||
|---|---|---|---|
| 001 | 120630 | ||
| 003 | ES-MaACL | ||
| 005 | 20230906191605.0 | ||
| 007 | t| | ||
| 008 | 070214s1982 sp r ||||1| spa d | ||
| 100 | 1 |
_aPolaino-Lorente, A. _992796 |
|
| 245 | 1 | 3 |
_aEl estrés de los profesores _b: estrategias psicológicas de intervención para su manejo y control / _cA. Polaino-Lorente. |
| 260 |
_a[s.l.] : _b[s.n.], _c1982. |
||
| 300 |
_a15 h. ; _c24 cm. |
||
| 500 | _aEs tirada aparte de `Revista Española de Pedagogía`, nº 157, 1982. | ||
| 852 |
_aES-MaACL _j2130-F-1 _bR.105945 |
||
| 999 |
_c120630 _d120630 |
||